Т. 1: Угловые функции; Таблицы по светорассеянию

Podrobná bibliografie
Parent link:Таблицы по светорассеянию/ Главная геофизическая обсерватория им. А. И. Воейкова ; под ред. К. С. Шифрина. Т. 1: Угловые функции.— , 1966-
Hlavní autor: Шифрин К. С.
Další autoři: Зельманович И. Л.
Jazyk:ruština
Vydáno: 1966
Témata:
Médium: MixedMaterials Kniha
KOHA link:https://koha.lib.tpu.ru/cgi-bin/koha/opac-detail.pl?biblionumber=215126

MARC

LEADER 00000nam2a2200000 4500
001 215126
005 20231031193756.0
035 |a (RuTPU)RU\TPU\book\235023 
090 |a 215126 
100 |a 20120504d1966 k y0rusy50 ca 
101 0 |a rus 
102 |a RU 
105 |a y z 000zy 
200 0 |a Т. 1: Угловые функции  |f К. С. Шифрин, И. Л. Зельманович 
210 |d 1966 
215 |a 338 с. 
461 1 |0 (RuTPU)RU\TPU\book\241398  |t Таблицы по светорассеянию  |f Главная геофизическая обсерватория им. А. И. Воейкова ; под ред. К. С. Шифрина  |v Т. 1: Угловые функции  |d 1966- 
610 1 |a светорассеяние 
610 1 |a угловые функции 
610 1 |a таблицы 
675 |a 535(083)  |v 3 
700 1 |a Шифрин  |b К. С. 
701 1 |a Зельманович  |b И. Л. 
801 1 |a RU  |b 63413507  |c 20120504 
801 2 |a RU  |b 63413507  |c 20121220  |g RCR 
942 |c BK